00665nam a2200229Ia 4500008004100000020001800041050001600059050001500075100002100090245003300111245002900144245002000173260001700193260002100210260000900231300001500240300002000255300001100275650001600286999001900302952011400321160404s9999 xx 000 0 und d a971-584-442-1 aFIL HF 5636 b.O54 2006  aOng, Flocer Lao. aFundamentals of accounting : btextbook for beginners / cFlocer Lao Ong. aQuezon City: bC & E Pub. Inc., c2006 a93 pages : billustrations ; c26 cm. aAccounting. c293219d293219 001040aSMCbSMCcFILd2008-01-09l0oFIL HF 5636 .O54 2006 pSMC03766r2016-04-04 00:00:00w2016-04-04yBK